Geography Quiz

Random Geography or City Quiz

U. S. Cities by Number of Buildings with > 30 Floors Quiz Stats

 Plays Quiz not verified by Sporcle

Score 0/43 Timer 15:00
0 Plays Today
Number of buildings at least 30 stories City % Correct
Over 100New York
100%
Over 90Chicago
99.2%
31Los Angeles
97.4%
43Houston
96.7%
Over 50Miami
96.2%
26Dallas
95.4%
26Boston
95.3%
38San Francisco
94.9%
21Philadelphia
94.3%
24Seattle
93.6%
17San Diego
91.3%
38Atlanta
90.8%
9Cleveland
89.9%
4Phoenix
89%
15Detroit
88.8%
5St. Louis
88.1%
15Pittsburgh
88%
6Portland
87.4%
22Denver
87.2%
22Minneapolis
86.7%
11Baltimore
86.4%
9Cincinnati
86.4%
Number of buildings at least 30 stories City % Correct
4San Antonio
86.4%
10 Kansas City
85.4%
Over 40Las Vegas
85.3%
13Charlotte
85%
8Indianapolis
84.9%
9Tampa
83.2%
8Columbus
82.9%
12New Orleans
82.8%
6Nashville
82.5%
4Jacksonville
82%
10Austin
81.8%
5Milwaukee
80.6%
6Oklahoma City
79.5%
21Honolulu
75%
6Fort Worth
67%
5St. Paul
65.8%
7Tulsa
60.6%
18Jersey City
54.2%
4Birmingham
53.1%
13Atlantic City
35.7%
16Miami Beach
20.5%

You're not logged in!

Compare scores with friends on all Sporcle quizzes.
OR
Log In

Show Comments

Extras

Top Quizzes Today


Score Distribution

Your Account Isn't Verified!

In order to create a playlist on Sporcle, you need to verify the email address you used during registration. Go to your Sporcle Settings to finish the process.

Report this User

Report this user for behavior that violates our Community Guidelines.

Details: